Direito à moradia urbana : (Record no. 547)

MARC details
000 -LÍDER
Campo Fixo de Controle 00813cam a2200265 a 4500
001 - NÚMERO DE CONTROLE
Campo de Controle 547
003 - IDENTIFICAÇÃO DO NÚMERO DE CONTROLE
Campo de Controle BR-CuiBMT
005 - DATA E HORA DA ÚLTIMA ATUALIZAÇÃO
Campo de Controle 20231113230400.0
008 - DADOS FIXOS
Dados Fixos 231109s2010 mgb 001 0 por d
020 ## - INTERNATIONAL STANDARD BOOK NUMBER
Nº do ISBN 9788577003334
040 ## - AGÊNCIA CATALOGADORA
Código da Agência Catalogadora BR-CuiBMT
Agência que transcreveu o registro BR-CuiBMT
080 ## - Nº DA CLASSIFICAÇÃO DECIMAL UNIVERSAL
Nº Class. CDU 342.7:365
Nº edição CDU 2007
090 ## - NÚMERO DE CHAMADA
Nº classificação 342.7:365
Cutter C235d
100 1# - ENTRADA PRINCIPAL -- AUTOR PESSOAL
Nome pessoal Canuto, Elza Maria Alves
245 10 - TÍTULO PRINCIPAL
Título principal Direito à moradia urbana :
Subtítulo aspectos da dignidade da pessoa humana /
Indicação de responsabilidade Elza Maria Alves Canuto.
260 ## - PUBLICAÇÃO, DISTRIBUIÇÃO, ETC.
Local de publicação Belo Horizonte :
Editora Fórum,
Data 2010
300 ## - DESCRIÇÃO FÍSICA
N. páginas ou volumes 339 p. ;
Dimensões 22 cm
504 ## - NOTA DE BIBLIOGRAFIA, ETC.
Nota de bibliografia Inclui bibliografia e índice.
650 ## - ASSUNTO TÓPICO
Cabeçalho tópico ou nome geográfico Direito constitucional
650 ## - ASSUNTO TÓPICO
Cabeçalho tópico ou nome geográfico Direito à moradia
Subdivisão geral Direito comparado
650 ## - ASSUNTO TÓPICO
Cabeçalho tópico ou nome geográfico Direito civil
650 ## - ASSUNTO TÓPICO
Cabeçalho tópico ou nome geográfico Política habitacional
Subdivisão geográfica Brasil
650 ## - ASSUNTO TÓPICO
Cabeçalho tópico ou nome geográfico Propriedade urbana
942 ## - ELEMENTOS DE ENTRADA ADICIONAIS (KOHA)
Fonte de classificação ou esquema de arquivamento Classificação Decimal Universal
Tipo de item do Koha Livros
Holdings
Estado: removido Estado: perdido Fonte de classificação ou esquema de arquivamento Estado: danificado Indisponível para empréstimo Localização permanente Localização atual Data de aquisição Total Checkouts Número de Chamada completo Código de barras Date last seen Número do exemplar Preço efetivo a partir de Tipo de item (Koha)
    Classificação Decimal Universal     Biblioteca da Escola Superior de Contas do TCE/MT Biblioteca da Escola Superior de Contas do TCE/MT 08/08/2019   342.737 C235d BIBTCEMT23110341 09/11/2023 Ex. 1 09/11/2023 Livros

Powered by Koha